Представление документа в формате RUSMARC

ПолеНазваниеЗначение
  Тип записи a
  Библиографический уровень m
001 Контрольный номер UONB/MAIN/f3ece9c7d5dd4af0a0010232aa3358b0
005 Дата корректировки 20260115160601.7
010 Индекс ISBN __
d Цена 1 р. 30 к.
9 Тираж 475000 экз.
a ISBN 5-7155-0145-8
b Уточнения в пер.
100 Данные общей обработки __
a Данные общей обработки 20260115d1989 u y0rusy0189 ca
101 Язык документа 0_
a Язык текста rus
102 Страна публикации __
a Страна публикации RU
105 Кодированные данные (монография) __
a Кодированные данные (монография) a z 000yy
200 Заглавие и сведения об ответственности 1_
a Заглавие Как воспитать настоящего человека
f Первые сведения об ответственности В. А. Сухомлинский
e Сведения, относящиеся к заглавию (этика коммунистического воспитания)
e Сведения, относящиеся к заглавию педагогическое наследие
g Последующие сведения об ответственности вступительная статья О. В. Сухомлинской
203 Вид содержания и тип средства __
a Вид содержания Текст
b Характеристика содержания визуальный
c Тип средства непосредственный
210 Выходные данные 1_
a Место издания Москва
c Издательство Педагогика
d Дата издания 1989
215 Физическое описание __
a Объем 286, [1] с.
d Формат 22 см
c Иллюстрации/тип воспроизводства ил., портр.
225 Серия 1_
a Серия Библиотека учителя
606 Тематические рубрики 0_
a Основная рубрика Коммунистическое воспитание
610 Ключевые слова 0_
a Ключевые слова воспитание молодежи; коммунистическое воспитание
675 Индекс УДК __
a Индекс УДК 371.011
686 Индексы других классификаций __
2 Код системы rubbk
a Классификационный индекс 74.200
700 Автор _1
a Фамилия Сухомлинский
b Имя (инициалы) В. А.
g Полное личное имя Василий Александрович
702 Вторичная интеллектуальная ответственность _1
a Фамилия Сухомлинская
b Имя (инициалы) О. В.
4 Код отношения 080
801 Источник записи _0
a Страна RU
b Организация Ульяновская ОНБ
c Дата составления 20260115
g Правила каталогизации RCR
801 Источник записи _1
a Страна RU
b Организация Ульяновская ОНБ
c Дата составления 20260115
g Правила каталогизации RCR
901 Тип документа __
t Тип документа m
909 Создатель записи __
a Создатель записи Моргунова
b Дата создания записи 20260115